La ilíada / (Registro nro. 3259)
[ vista simple ]
| 000 -LEADER | |
|---|---|
| fixed length control field | 01922nam a2200229Ia 4500 |
| 003 - CONTROL NUMBER IDENTIFIER | |
| control field | OSt |
| 005 - DATE AND TIME OF LATEST TRANSACTION | |
| control field | 20250701161819.0 |
| 008 - FIXED-LENGTH DATA ELEMENTS--GENERAL INFORMATION | |
| fixed length control field | 191128s1973 ck a er 000 p spa d |
| 040 ## - CATALOGING SOURCE | |
| Original cataloging agency | CO-JMCR |
| Transcribing agency | CO-JMCR |
| 041 ## - LANGUAGE CODE | |
| Language code of text/sound track or separate title | spa |
| 082 04 - DEWEY DECIMAL CLASSIFICATION NUMBER | |
| Classification number | A-P |
| Item number | HOMi |
| 100 1# - MAIN ENTRY--PERSONAL NAME | |
| Personal name | Homero, |
| Relator term | autor |
| 9 (RLIN) | 544 |
| 245 13 - TITLE STATEMENT | |
| Title | La ilíada / |
| Statement of responsibility, etc. | Homero ; adaptación Manuel Rojas |
| 260 ## - PUBLICATION, DISTRIBUTION, ETC. | |
| Place of publication, distribution, etc. | Bogotá : |
| Name of publisher, distributor, etc. | Editora Zig-Zag, |
| Date of publication, distribution, etc. | 1973. |
| 300 ## - PHYSICAL DESCRIPTION | |
| Extent | 166 páginas : |
| Other physical details | ilustraciones a blanco y negro ; |
| Dimensions | 19 cm. |
| 490 0# - SERIES STATEMENT | |
| Series statement | Biblioteca familiar |
| 505 0# - FORMATTED CONTENTS NOTE | |
| Formatted contents note | Homero y sus poemas -- Canto primero: La peste y la ira de Aquiles -- Canto segundo: Sueño de Agamenón -- Canto tercero: Juramentos -- Canto cuarto: Se violan los juramentos -- Canto quinto: Hazañas de Diómedes -- Canto sexto: Héctor y Andrómaca -- Canto séptimo: Duelo de Héctor y Ayax -- Canto octavo: Batalla que se interrumpe -- Canto noveno: Envían una embajada a Aquiles -- Canto décimo: Dolonia -- Canto Undécimo: Hazañas de Agamenón -- Canto duodécimo: Combate en las murallas -- Canto decimotercero: Lucha junto a las naves -- Canto decimocuarto: Zeus, engañado -- Canto decimoquinto: Nuevos combates -- Canto decimosexto: Muerte de Patroclo -- Canto decimoséptimo: Patroclo -- Canto decimoctavo: Fabricación de armas -- Canto decimonoveno: Aquiles olvida su rencor -- Canto vigésimo: Los dioses y los guerreros -- Canto vigésimo primero: La batalla y el rio -- Canto vigésimo segundo: Muerte de Héctor -- Canto vigésimo tercero: Juegos en honor de Patrocio -- Canto vigésimo cuarto: Rescate del cuerpo de Héctor |
| 520 3# - SUMMARY, ETC. | |
| Summary, etc. | La Ilíada, compuesta en el siglo VIII a.C., narra una leyenda micénica situada en el siglo XIII a.C., una "edad heroica" dominada por los aspectos militares, el individualismo desenfrenado y la persecución de la riqueza y la gloria. |
| 650 14 - SUBJECT ADDED ENTRY--TOPICAL TERM | |
| Topical term or geographic name entry element | Poesía épica. |
| 9 (RLIN) | 545 |
| 700 ## - ADDED ENTRY--PERSONAL NAME | |
| Personal name | Rojas, Manuel, |
| Relator term | adaptación |
| 9 (RLIN) | 9193 |
| 942 ## - ADDED ENTRY ELEMENTS (KOHA) | |
| Source of classification or shelving scheme | Dewey Decimal Classification |
| Koha item type | Books |
| Withdrawn status | Lost status | Source of classification or shelving scheme | Damaged status | Not for loan | Collection code | Home library | Current library | Date acquired | Source of acquisition | Total Checkouts | Full call number | Barcode | Date last seen | Date last checked out | Copy number | Koha item type |
|---|---|---|---|---|---|---|---|---|---|---|---|---|---|---|---|---|
| Dewey Decimal Classification | Fiction | Biblioteca Pública José María del Castillo y Rada | Biblioteca Pública José María del Castillo y Rada | 11/28/2019 | Donación | 1 | A-P HOMi | 201506993 | 05/23/2023 | 05/19/2023 | Ej.1 | Books |